Catálogo de la Biblioteca Horacio González - Universidad Nacional de General Sarmiento

La Armada Brancaleone (Registro nro. 54873)

Detalles MARC
000 -CABECERA
campo de control de longitud fija 01257ngm a22002530a 4500
001 - NÚMERO DE CONTROL
campo de control PT35336
003 - IDENTIFICADOR DEL NÚMERO DE CONTROL
campo de control AR-LpoUNG
005 - FECHA Y HORA DE LA ÚLTIMA TRANSACCIÓN
campo de control 20210202000443.0
007 - CAMPO FIJO DE DESCRIPCIÓN FÍSICA--INFORMACIÓN GENERAL
campo de control de longitud fija vd cvaizq
008 - DATOS DE LONGITUD FIJA--INFORMACIÓN GENERAL
campo de control de longitud fija 191001s2000||||ag |||||||||||||||||spa d
040 ## - FUENTE DE LA CATALOGACIÓN
Centro catalogador/agencia de origen AR-LpoUNG
Lengua de catalogación spa
Centro/agencia transcriptor AR-LpoUNG
Normas de descripción aacr
041 ## - CÓDIGO DE LENGUA
Código de lengua del texto/banda sonora o título independiente spa
044 ## - CÓDIGO DEL PAÍS DE LA ENTIDAD EDITORA/PRODUCTORA
Código MARC del país ag
082 0# - NÚMERO DE LA CLASIFICACIÓN DECIMAL DEWEY
Número de clasificación 808.7 744arm
100 1# - ENTRADA PRINCIPAL--NOMBRE DE PERSONA
Nombre de persona Monicelli, Mario
Término indicativo de función/relación dir.
245 13 - MENCIÓN DE TÍTULO
Título La Armada Brancaleone
260 ## - PUBLICACIÓN, DISTRIBUCIÓN, ETC.
Lugar de publicación, distribución, etc. Buenos Aires :
Nombre del editor, distribuidor, etc. Videoteca Página 30,
Fecha de publicación, distribución, etc. [2000].
300 ## - DESCRIPCIÓN FÍSICA
Extensión VHS (114 min.) : son., col.
520 ## - SUMARIO, ETC.
Sumario, etc. En una Edad Media revisada en clave cómica y no convencional se desarrollan las aventuras picarescas de un desparejo grupo de caballeros. A las órdenes de un quijotesco y fanfarrón Brancaleone de Norcia, interpretado por un extraordinario Vittorio Gassman, recorren la península pasando de una peripecia a otra. Monicelli maneja una divertida y popular relectura del género caballeresco poniendo en escena todos los temas: desde las escaramuzas con los bandoleros, los enredos y las aventuras galantes y picarescas. La mezcla de lenguajes, entre lo vulgar pleno de matices y un latín macarrónico, resulta decisivamente eficaz y divertido.
653 ## - TÉRMINO DE INDIZACIÓN--NO CONTROLADO
Término no controlado COMEDIA
653 ## - TÉRMINO DE INDIZACIÓN--NO CONTROLADO
Término no controlado VIDEOS
905 ## - ELEMENTOS DE DATOS E LOCAL, LDE (RLIN)
a 35336
942 ## - ELEMENTOS DE PUNTO DE ACCESO ADICIONAL (KOHA)
Tipo de ítem Koha Video
Existencias
Estado de retiro Estado de pérdida Estado dañado No para préstamo Código de colección Localización permanente Ubicación/localización actual Fecha de adquisición Total de préstamos Signatura topográfica completa Código de barras Fecha visto por última vez Precio válido a partir de Tipo de ítem Koha
        Colección Cine Biblioteca Universidad Nacional de General Sarmiento Biblioteca Universidad Nacional de General Sarmiento 02/02/2021   808.7 744arm 00040414 02/02/2021 02/02/2021 Video